[Event "Texas Collegiate Finals"]
[Site "Brownsville"]
[Date "2023.09.17"]
[Round "4.10"]
[White "Khanin, Semen"]
[Black "Dudin, Gleb"]
[Result "1-0"]
[WhiteElo "2570"]
[BlackElo "2537"]
[PlyCount "95"]
[EventDate "2023.09.16"]
[EventType "team-tourn"]
[EventRounds "4"]
[EventCountry "USA"]
[SourceTitle "EXT 2024"]
[Source "ChessBase"]
[SourceDate "2023.10.10"]
[SourceVersion "1"]
[SourceVersionDate "2023.10.10"]
[SourceQuality "1"]
[WhiteTeam "Texas Tech Univ"]
[BlackTeam "Texas Rio Grande Valley Univ"]
[WhiteTeamCountry "USA"]
[BlackTeamCountry "USA"]

1. d4 Nf6 2. c4 e6 3. Nc3 Bb4 4. e3 0-0 5. Bd3 Re8 6. Nf3 d6 7. 0-0 Bxc3 8. bxc3 Nc6 9. Nd2 e5 10. f3 b6 11. Nb3 a5 12. a4 d5 13. cxd5 Nxd5 14. c4 Ndb4 15. d5 Nxd3 16. Qxd3 Nb4 17. Qc3 Ba6 18. Rd1 c6 19. d6 c5 20. Ba3 Qd7 21. Bxb4 cxb4 22. Qc2 Rac8 23. c5 Red8 24. Rac1 Qe6 25. Qe4 Qxb3 26. cxb6 Rb8 27. d7 Qe6 28. Rc6 Bb7 29. Rxe6 Bxe4 30. Re8+ Rxe8 31. dxe8Q+ Rxe8 32. fxe4 Rb8 33. Rd5 f5 34. Rb5 fxe4 35. Kf2 Kf7 36. Ke2 Ke6 37. Kd2 Kd6 38. Kc2 Kc6 39. Kb3 Ra8 40. b7 Rb8 41. Rxa5 Rxb7 42. Rxe5 Rd7 43. Rxe4 Rd2 44. Rc4+ Kb6 45. Rxb4+ Ka5 46. Rb5+ Ka6 47. Rg5 g6 48. Kc4 1-0

[Event "Titled Tuesday intern op 25th Jul Late"]
[Site "Chess.com INT"]
[Date "2023.07.25"]
[Round "5"]
[White "Sivakumar, Shaaketh"]
[Black "Khanin, Semen"]
[Result "0-1"]
[WhiteElo "2337"]
[BlackElo "2574"]
[PlyCount "46"]
[EventDate "2023.07.25"]
[EventType "swiss (blitz)"]
[EventRounds "11"]
[EventCountry "USA"]
[SourceTitle "EXT 2024"]
[Source "ChessBase"]
[SourceDate "2023.10.10"]
[SourceVersion "1"]
[SourceVersionDate "2023.10.10"]
[SourceQuality "1"]

1. e4 c5 2. Nf3 d6 3. d4 cxd4 4. Qxd4 Nc6 5. Bb5 Bd7 6. Qd3 a6 7. Bxc6 Bxc6 8. c4 e6 9. Nc3 Be7 10. Be3 Nf6 11. h3 0-0 12. Nd4 Rc8 13. 0-0 Qa5 14. a3 Nd7 15. b4 Qh5 16. Nf3 b5 17. Rac1 bxc4 18. Qd4 f5 19. Bd2 fxe4 20. Nxe4 Rxf3 21. gxf3 Ne5 22. Qe3 Nxf3+ 23. Kh1 Qxh3# 0-1

[Event "Julius Baer Play In"]
[Site "Chess.com INT"]
[Date "2023.07.24"]
[Round "1.47"]
[White "Alonso Rosell, Alvar"]
[Black "Khanin, Semen"]
[Result "1-0"]
[WhiteElo "2570"]
[BlackElo "2574"]
[PlyCount "141"]
[EventDate "2023.07.24"]
[EventType "swiss (rapid)"]
[EventRounds "9"]
[EventCountry "GER"]
[SourceTitle "CBM 215 Extra"]
[Source "ChessBase"]
[SourceDate "2023.09.30"]
[SourceVersion "1"]
[SourceVersionDate "2023.09.30"]
[SourceQuality "1"]

1. d4 Nf6 2. c4 e6 3. Nf3 d5 4. g3 Bb4+ 5. Nc3 0-0 6. Bg2 dxc4 7. 0-0 Nc6 8. a3 Be7 9. e4 a6 10. Be3 Na5 11. Qc2 h6 12. Rad1 b5 13. d5 Qe8 14. Rfe1 Bb7 15. dxe6 fxe6 16. Bh3 Qh5 17. Bxe6+ Kh8 18. Nd4 Ng4 19. Bxg4 Qxg4 20. f3 Qh5 21. g4 Qh3 22. Nd5 Bc5 23. Nf5 Bxe3+ 24. Rxe3 Bxd5 25. exd5 Nb3 26. d6 cxd6 27. Rxd6 Rf7 28. Rg6 Rd8 29. f4 Nd4 30. Qd1 Qxe3+ 31. Nxe3 Rxf4 32. Kg2 Re8 33. Rd6 Ree4 34. h3 Kg8 35. Kg3 h5 36. Nf5 Nxf5+ 37. gxf5 h4+ 38. Kg2 Rxf5 39. Rd5 Rf6 40. Qh5 Rf8 41. Rf5 Rxf5 42. Qxf5 Re2+ 43. Kf3 Rxb2 44. Qe6+ Kh8 45. Qxa6 b4 46. axb4 Rxb4 47. Qc8+ Kh7 48. Qf5+ Kg8 49. Qd5+ Kh7 50. Qh5+ Kg8 51. Qxh4 Rb3+ 52. Ke2 Rb2+ 53. Kd1 Rb1+ 54. Kc2 Rb4 55. Qe7 Rb3 56. Qd8+ Kh7 57. Qh4+ Kg6 58. Qg4+ Kf6 59. h4 Rb5 60. Qxc4 Rf5 61. Qg4 g6 62. Kd3 Kg7 63. Qe4 Kh7 64. Qe8 Kg7 65. Ke4 Kh7 66. Qe7+ Kg8 67. Qd7 Kh8 68. h5 Rxh5 69. Qf7 Rf5 70. Qxg6 Re5+ 71. Kf4 1-0

[Event "Julius Baer Play In"]
[Site "Chess.com INT"]
[Date "2023.07.24"]
[Round "5.68"]
[White "Ponkratov, Pavel"]
[Black "Khanin, Semen"]
[Result "0-1"]
[WhiteElo "2589"]
[BlackElo "2574"]
[PlyCount "84"]
[EventDate "2023.07.24"]
[EventType "swiss (rapid)"]
[EventRounds "9"]
[EventCountry "GER"]
[SourceTitle "CBM 215 Extra"]
[Source "ChessBase"]
[SourceDate "2023.09.30"]
[SourceVersion "1"]
[SourceVersionDate "2023.09.30"]
[SourceQuality "1"]

1. d4 Nf6 2. Bg5 d5 3. Nd2 c5 4. Bxf6 gxf6 5. dxc5 Na6 6. e3 Nxc5 7. Qh5 Qa5 8. a4 a6 9. Ngf3 d4 10. Qh4 dxe3 11. fxe3 Qc7 12. Bc4 Be6 13. 0-0 Bg7 14. Nd4 Bxc4 15. Nxc4 e6 16. Rf3 f5 17. Rg3 Be5 18. Nxe5 Qxe5 19. Qf4 Qxf4 20. exf4 Ne4 21. Rh3 0-0-0 22. c3 h5 23. Re1 Nc5 24. a5 Rd5 25. Rg3 Kd7 26. Nf3 Ke7 27. c4 Rdd8 28. Ne5 Kf6 29. b4 Ne4 30. Rd3 Rxd3 31. Nxd3 Rd8 32. Re3 Rd4 33. c5 Nc3 34. Rh3 Ne2+ 35. Kf2 Nxf4 36. Nxf4 Rxf4+ 37. Ke2 Rxb4 38. Rxh5 Rc4 39. Rh8 Rxc5 40. Rb8 Rb5 41. Kd3 Rxa5 42. Rxb7 Ra2 0-1

[Event "World op 51st"]
[Site "Philadelphia"]
[Date "2023.07.01"]
[Round "2"]
[White "Lee, Linden"]
[Black "Khanin, Semen"]
[Result "0-1"]
[WhiteElo "2191"]
[BlackElo "2566"]
[PlyCount "120"]
[EventDate "2023.06.30"]
[EventType "swiss"]
[EventRounds "9"]
[EventCountry "USA"]
[SourceTitle "CBM 215 Extra"]
[Source "ChessBase"]
[SourceDate "2023.09.30"]
[SourceVersion "1"]
[SourceVersionDate "2023.09.30"]
[SourceQuality "1"]

1. d4 Nf6 2. c4 e6 3. Nf3 d5 4. Nc3 Bb4 5. Qb3 c5 6. Bg5 Nc6 7. dxc5 dxc4 8. Qxc4 Qa5 9. Bxf6 gxf6 10. Nd2 Qxc5 11. Rc1 Qxc4 12. Nxc4 Bd7 13. a3 Be7 14. Rd1 Ne5 15. Nd6+ Bxd6 16. Rxd6 Bc6 17. e4 Rg8 18. Rd2 Ke7 19. f4 Nd7 20. Bb5 Bxb5 21. Nxb5 Nc5 22. Nc3 Rad8 23. g3 Nd3+ 24. Kf1 Rd7 25. Nb1 Rc8 26. Kg2 Nc5 27. Rxd7+ Nxd7 28. Rf1 Nb6 29. Rf2 Rc1 30. Rf1 Rc6 31. Rf2 Na4 32. b4 Rc4 33. Nd2 Rc3 34. Rf3 Rc2 35. Rf2 Nc3 36. e5 fxe5 37. fxe5 Nd1 38. Re2 Nc3 39. Rf2 Nd1 40. Re2 Ra2 41. Kf1 Rxa3 42. Nc4 Rb3 43. Ke1 Nc3 44. Rc2 Nd5 45. Nd6 Rxb4 46. Nc8+ Kd7 47. Nxa7 Re4+ 48. Kf2 Rxe5 49. Rb2 b6 50. Nb5 Re4 51. Rd2 Rc4 52. Nd4 Kd6 53. Nf3 b5 54. Ng5 f6 55. Nxh7 Ke7 56. Ra2 b4 57. Ke1 Kf7 58. Ra8 b3 59. Kd2 b2 60. Ra7+ Kg6 0-1

[Event "Philadelphia op 16th"]
[Site "Philadelphia"]
[Date "2023.06.28"]
[Round "9"]
[White "Khanin, Semen"]
[Black "Harutjunyan, Gevorg"]
[Result "1/2-1/2"]
[WhiteElo "2566"]
[BlackElo "2347"]
[PlyCount "77"]
[EventDate "2023.06.24"]
[EventType "swiss"]
[EventRounds "9"]
[EventCountry "USA"]
[SourceTitle "CBM 215 Extra"]
[Source "ChessBase"]
[SourceDate "2023.09.30"]
[SourceVersion "1"]
[SourceVersionDate "2023.09.30"]
[SourceQuality "1"]

1. d4 Nf6 2. c4 g6 3. Nc3 Bg7 4. e4 d6 5. Bd3 0-0 6. Nge2 Nc6 7. 0-0 Nd7 8. Bc2 e5 9. d5 Nd4 10. Nxd4 exd4 11. Ne2 Ne5 12. Nxd4 Nxc4 13. Rb1 Bd7 14. b3 Ne5 15. Bb2 c5 16. dxc6 bxc6 17. Qd2 Qb6 18. Bc3 a5 19. Kh1 c5 20. Ne2 Bb5 21. Rfd1 Bxe2 22. Qxe2 Rad8 23. Bd3 Nc6 24. Bxg7 Kxg7 25. Bc4 Nd4 26. Qd2 Rde8 27. Re1 Qb4 28. Qb2 f5 29. a3 Qb8 30. exf5 Rxf5 31. Qd2 Rxe1+ 32. Rxe1 Re5 33. Rxe5 dxe5 34. Qxa5 Nxb3 35. Qc3 Nd4 36. h3 Qb1+ 37. Kh2 Kf6 38. Qa5 Qe4 39. Qxc5 1/2-1/2

[Event "Philadelphia op 16th"]
[Site "Philadelphia"]
[Date "2023.06.26"]
[Round "5"]
[White "Khanin, Semen"]
[Black "Lu, Maximillian"]
[Result "1-0"]
[WhiteElo "2566"]
[BlackElo "2412"]
[PlyCount "119"]
[EventDate "2023.06.24"]
[EventType "swiss"]
[EventRounds "9"]
[EventCountry "USA"]
[SourceTitle "CBM 215 Extra"]
[Source "ChessBase"]
[SourceDate "2023.09.30"]
[SourceVersion "1"]
[SourceVersionDate "2023.09.30"]
[SourceQuality "1"]

1. e4 c5 2. Nf3 d6 3. Bb5+ Nd7 4. Ba4 Ngf6 5. 0-0 e6 6. d3 Be7 7. c4 0-0 8. Nc3 a6 9. Qe2 b6 10. h3 Bb7 11. Nh2 Ne5 12. f4 Nc6 13. Nf3 Nd7 14. Be3 Bf6 15. Qf2 Nb4 16. Rad1 d5 17. e5 d4 18. Bxd7 dxe3 19. Qxe3 Bxf3 20. Rxf3 Nc2 21. Qe4 Nd4 22. Bc6 Nxf3+ 23. Qxf3 Be7 24. Bxa8 Qxa8 25. Qxa8 Rxa8 26. Kf2 f6 27. exf6 Bxf6 28. Ne2 Rd8 29. Ke3 Kf7 30. b3 h5 31. Ke4 g6 32. d4 cxd4 33. Nxd4 g5 34. fxg5 Bxg5 35. Rd3 Bf6 36. Nf3 Rg8 37. Rd7+ Ke8 38. Rd6 Bd8 39. Rxe6+ Kf7 40. Rd6 Ke7 41. Rd2 Bc7 42. Ne5 Ke6 43. Nd3 h4 44. Nf4+ Bxf4 45. Kxf4 a5 46. Kf3 Rg3+ 47. Kf2 a4 48. Rd4 axb3 49. axb3 Rxb3 50. Rxh4 Kf5 51. Rh5+ Kf4 52. Rb5 Rc3 53. Rxb6 Rc2+ 54. Kg1 Rxc4 55. Rg6 Rc3 56. Kh2 Rb3 57. h4 Rb1 58. Rg5 Rc1 59. g3+ Kf3 60. Rf5+ 1-0

[Event "Las Vegas National op"]
[Site "Las Vegas"]
[Date "2023.06.17"]
[Round "7"]
[White "Khanin, Semen"]
[Black "Niemann, Hans Moke"]
[Result "1/2-1/2"]
[WhiteElo "2566"]
[BlackElo "2695"]
[PlyCount "39"]
[EventDate "2023.06.14"]
[EventType "swiss"]
[EventRounds "9"]
[EventCountry "USA"]
[SourceTitle "CBM 214 Extra"]
[Source "ChessBase"]
[SourceDate "2023.07.31"]
[SourceVersion "1"]
[SourceVersionDate "2023.07.31"]
[SourceQuality "1"]

1. d4 Nf6 2. c4 e6 3. Nc3 Bb4 4. e3 0-0 5. Bd3 d5 6. a3 Be7 7. Nf3 b6 8. cxd5 exd5 9. 0-0 Bb7 10. b4 Nbd7 11. Bb2 a6 12. Ne5 b5 13. Ne2 Nb6 14. Ng3 Nc4 15. Bc3 Re8 16. Qf3 Rb8 17. Qf4 g6 18. Nf5 gxf5 19. Qg5+ Kf8 20. Qh6+ 1/2-1/2

[Event "Las Vegas National op"]
[Site "Las Vegas"]
[Date "2023.06.14"]
[Round "1"]
[White "Khanin, Semen"]
[Black "Senft, Sean"]
[Result "1/2-1/2"]
[WhiteElo "2566"]
[BlackElo "2081"]
[PlyCount "170"]
[EventDate "2023.06.14"]
[EventType "swiss"]
[EventRounds "9"]
[EventCountry "USA"]
[SourceTitle "CBM 214 Extra"]
[Source "ChessBase"]
[SourceDate "2023.07.31"]
[SourceVersion "1"]
[SourceVersionDate "2023.07.31"]
[SourceQuality "1"]

1. e4 c5 2. c3 d5 3. exd5 Qxd5 4. Nf3 Nf6 5. Na3 Bg4 6. Be2 Nc6 7. 0-0 e6 8. d3 Be7 9. Nc4 0-0 10. a4 Rfd8 11. a5 Rac8 12. Qa4 Bf5 13. Ne3 Qd7 14. Nxf5 exf5 15. Rd1 Bd6 16. a6 b6 17. d4 cxd4 18. Bb5 Qc7 19. Bxc6 Qxc6 20. Qxc6 Rxc6 21. Nxd4 Be5 22. Bf4 Bxd4 23. Be3 Ne4 24. Bxd4 Rcd6 25. Re1 Kf8 26. h4 f6 27. Re2 Nc5 28. Bxc5 bxc5 29. Ra5 Rc6 30. Rb5 Rd7 31. Re1 Rdc7 32. Ra1 Ke7 33. g3 Ke6 34. Kg2 Kd5 35. Kf3 g6 36. b3 Ke5 37. Rb8 Rc8 38. Rb5 R8c7 39. Ke3 Ke6 40. Kd3 c4+ 41. bxc4 Rxc4 42. Ra3 R4c6 43. Rb7 Rd6+ 44. Kc2 Kd7 45. Ra4 Kc8 46. Rxc7+ Kxc7 47. h5 Re6 48. Kd3 Rd6+ 49. Kc4 Rc6+ 50. Kd3 Rd6+ 51. Kc2 Re6 52. h6 Re2+ 53. Kb3 Rxf2 54. Rb4 Rh2 55. Rb7+ Kc6 56. Rxh7 g5 57. Rh8 Kb6 58. h7 Kxa6 59. c4 f4 60. gxf4 gxf4 61. c5 Kb7 62. Kc3 f3 63. Kd3 f2 64. Ke2 a5 65. c6+ Kxc6 66. Rc8+ Kb5 67. h8Q Rxh8 68. Rxh8 a4 69. Kxf2 a3 70. Ke2 Kc4 71. Kd2 a2 72. Ra8 Kb3 73. Rb8+ Kc4 74. Ra8 Kb3 75. Kc1 f5 76. Rb8+ Kc3 77. Rc8+ Kb3 78. Rb8+ Kc3 79. Ra8 Kb3 80. Kd2 f4 81. Rb8+ Kc4 82. Ra8 Kb3 83. Ke2 Kb2 84. Rxa2+ Kxa2 85. Kf3 Kb3 1/2-1/2

[Event "Las Vegas 1000 GM op"]
[Site "Las Vegas"]
[Date "2023.06.12"]
[Round "8"]
[White "Chasin, Nico Werner"]
[Black "Khanin, Semen"]
[Result "0-1"]
[WhiteElo "2459"]
[BlackElo "2566"]
[PlyCount "112"]
[EventDate "2023.06.08"]
[EventType "swiss"]
[EventRounds "9"]
[EventCountry "USA"]
[SourceTitle "CBM 214 Extra"]
[Source "ChessBase"]
[SourceDate "2023.07.31"]
[SourceVersion "1"]
[SourceVersionDate "2023.07.31"]
[SourceQuality "1"]

1. d4 Nf6 2. c4 e6 3. Nf3 d5 4. Nc3 Bb4 5. cxd5 exd5 6. Bg5 h6 7. Bxf6 Qxf6 8. Qa4+ Nc6 9. e3 0-0 10. Be2 Be6 11. 0-0 a6 12. Qb3 Bd6 13. Rac1 Ne7 14. a4 g5 15. g3 Kg7 16. Qc2 Bf5 17. Qd2 c6 18. Kg2 Ng6 19. Ng1 g4 20. Bd3 Rfe8 21. f3 Bxd3 22. Qxd3 Qe6 23. Rce1 Bb4 24. e4 gxf3+ 25. Qxf3 Bxc3 26. Qxc3 dxe4 27. d5+ Qe5 28. dxc6 Qxc3 29. bxc3 bxc6 30. Rf5 Rad8 31. Ra5 Rd3 32. Ne2 Re3 33. Kf2 Rf3+ 34. Kg2 c5 35. Rxc5 Ne5 36. Nf4 Rxf4 37. Rxe5 Rxe5 38. gxf4 Re6 39. Rd1 Kf6 40. Rd5 Rc6 41. Re5 Rxc3 42. Rxe4 Ra3 43. Rc4 Kf5 44. Rc5+ Kg4 45. Ra5 Ra2+ 46. Kg1 Kf3 47. h4 Rg2+ 48. Kh1 Kg3 49. Rc5 Ra2 50. Rc3+ Kxf4 51. Rc6 Kg3 52. Rc3+ Kxh4 53. Rc4+ Kg3 54. Rc3+ Kf4 55. Rc4+ Kf3 56. Rc3+ Kf2 0-1